<?xml version="1.0" encoding="UTF-8"?>
<record
    xmlns:xsi="http://www.w3.org/2001/XMLSchema-instance"
    xsi:schemaLocation="http://www.loc.gov/MARC21/slim http://www.loc.gov/standards/marcxml/schema/MARC21slim.xsd"
    xmlns="http://www.loc.gov/MARC21/slim">

  <leader>01695cam a2200253 a 4500</leader>
  <controlfield tag="001">1634670</controlfield>
  <controlfield tag="005">20210414114051.0</controlfield>
  <controlfield tag="008">960422s1997    ilua     b    001 0 eng  </controlfield>
  <datafield tag="010" ind1=" " ind2=" ">
    <subfield code="a">  </subfield>
  </datafield>
  <datafield tag="020" ind1=" " ind2=" ">
    <subfield code="a">0256194068</subfield>
  </datafield>
  <datafield tag="040" ind1=" " ind2=" ">
    <subfield code="a">DLC</subfield>
    <subfield code="c">DLC</subfield>
    <subfield code="d">DLC</subfield>
  </datafield>
  <datafield tag="050" ind1="0" ind2="0">
    <subfield code="a">TS155.S3244</subfield>
    <subfield code="b"> </subfield>
  </datafield>
  <datafield tag="100" ind1="1" ind2=" ">
    <subfield code="a">Schonberger, Richard.</subfield>
  </datafield>
  <datafield tag="245" ind1="1" ind2="0">
    <subfield code="a">Operations management :customer-focused principles. /</subfield>
    <subfield code="c">Richard J. Schonberger, Edward M. Knod, Jr.</subfield>
  </datafield>
  <datafield tag="250" ind1=" " ind2=" ">
    <subfield code="a">6th ed.</subfield>
  </datafield>
  <datafield tag="260" ind1=" " ind2=" ">
    <subfield code="a">Chicago :</subfield>
    <subfield code="b">Irwin,</subfield>
    <subfield code="c">c1997.</subfield>
  </datafield>
  <datafield tag="300" ind1=" " ind2=" ">
    <subfield code="a">xii, 723 p. :</subfield>
    <subfield code="b">ill.</subfield>
    <subfield code="c">27 cm.</subfield>
  </datafield>
  <datafield tag="504" ind1=" " ind2=" ">
    <subfield code="a">Includes bibliographical references and index.</subfield>
  </datafield>
  <datafield tag="505" ind1=" " ind2=" ">
    <subfield code="a">Contents: Introduction to operations management: Operations-producing goods and providing service -- Competitive strategies and principles -- The Quality imperative -- Design and control for customer satisfaction -- Designed-in quality: products, services, processes -- Quality control and process improvement -- Translating demand into orders: Demand management and forecasting -- Master planning-for capacity and output -- Flow-control systems overview -- Order fulfillment and purchasing -- Timing: JIT/Kanban, MRP, and related topics -- Quick-change flexibility and lot sizing -- Translating planned orders into outcomes: Process selection and layout differentiating operations -- Managing continuous and repetitive operations -- Managing job and batch operations -- Managing projects -- OM resources: measurement, management, improvement -- Facilities management -- What's next-for  you and for OM?.</subfield>
  </datafield>
  <datafield tag="650" ind1=" " ind2="0">
    <subfield code="a">Production management.</subfield>
  </datafield>
  <datafield tag="700" ind1="1" ind2=" ">
    <subfield code="a">Knod, Edward M.</subfield>
  </datafield>
  <datafield tag="942" ind1=" " ind2=" ">
    <subfield code="2">lcc</subfield>
    <subfield code="c">BK</subfield>
  </datafield>
  <datafield tag="999" ind1=" " ind2=" ">
    <subfield code="c">1759</subfield>
    <subfield code="d">9259</subfield>
  </datafield>
  <datafield tag="952" ind1=" " ind2=" ">
    <subfield code="0">0</subfield>
    <subfield code="1">0</subfield>
    <subfield code="2">lcc</subfield>
    <subfield code="4">0</subfield>
    <subfield code="7">0</subfield>
    <subfield code="a">WIUC-1</subfield>
    <subfield code="b">WIUC-1</subfield>
    <subfield code="c">GEN</subfield>
    <subfield code="d">2012-07-19</subfield>
    <subfield code="l">0</subfield>
    <subfield code="o">TS155.S3244</subfield>
    <subfield code="p">5726/12</subfield>
    <subfield code="r">2012-07-19 00:00:00</subfield>
    <subfield code="t">1</subfield>
    <subfield code="w">2012-07-19</subfield>
    <subfield code="y">BK</subfield>
  </datafield>
  <datafield tag="952" ind1=" " ind2=" ">
    <subfield code="0">0</subfield>
    <subfield code="1">0</subfield>
    <subfield code="2">lcc</subfield>
    <subfield code="4">0</subfield>
    <subfield code="7">0</subfield>
    <subfield code="a">WIUC-1</subfield>
    <subfield code="b">WIUC-1</subfield>
    <subfield code="c">GEN</subfield>
    <subfield code="d">2012-07-19</subfield>
    <subfield code="l">0</subfield>
    <subfield code="o">TS155.S32441</subfield>
    <subfield code="p">5727/12</subfield>
    <subfield code="r">2012-07-19 00:00:00</subfield>
    <subfield code="t">2</subfield>
    <subfield code="w">2012-07-19</subfield>
    <subfield code="y">BK</subfield>
  </datafield>
  <datafield tag="952" ind1=" " ind2=" ">
    <subfield code="0">0</subfield>
    <subfield code="1">0</subfield>
    <subfield code="2">lcc</subfield>
    <subfield code="4">0</subfield>
    <subfield code="7">0</subfield>
    <subfield code="a">WIUC-1</subfield>
    <subfield code="b">WIUC-1</subfield>
    <subfield code="c">GEN</subfield>
    <subfield code="d">2012-07-19</subfield>
    <subfield code="l">0</subfield>
    <subfield code="o">TS155.S32442</subfield>
    <subfield code="p">5728/12</subfield>
    <subfield code="r">2012-07-19 00:00:00</subfield>
    <subfield code="t">3</subfield>
    <subfield code="w">2012-07-19</subfield>
    <subfield code="y">BK</subfield>
  </datafield>
  <datafield tag="952" ind1=" " ind2=" ">
    <subfield code="0">0</subfield>
    <subfield code="1">0</subfield>
    <subfield code="2">lcc</subfield>
    <subfield code="4">0</subfield>
    <subfield code="7">0</subfield>
    <subfield code="a">WIUC-1</subfield>
    <subfield code="b">WIUC-1</subfield>
    <subfield code="c">GEN</subfield>
    <subfield code="d">2012-07-19</subfield>
    <subfield code="l">0</subfield>
    <subfield code="o">TS155.S32443</subfield>
    <subfield code="p">5729/12</subfield>
    <subfield code="r">2012-07-19 00:00:00</subfield>
    <subfield code="t">4</subfield>
    <subfield code="w">2012-07-19</subfield>
    <subfield code="y">BK</subfield>
  </datafield>
  <datafield tag="952" ind1=" " ind2=" ">
    <subfield code="0">0</subfield>
    <subfield code="1">0</subfield>
    <subfield code="2">lcc</subfield>
    <subfield code="4">0</subfield>
    <subfield code="7">0</subfield>
    <subfield code="a">WIUC-1</subfield>
    <subfield code="b">WIUC-1</subfield>
    <subfield code="c">GEN</subfield>
    <subfield code="d">2012-07-19</subfield>
    <subfield code="l">0</subfield>
    <subfield code="o">TS155.S32444</subfield>
    <subfield code="p">5730/12</subfield>
    <subfield code="r">2012-07-19 00:00:00</subfield>
    <subfield code="t">5</subfield>
    <subfield code="w">2012-07-19</subfield>
    <subfield code="y">BK</subfield>
  </datafield>
  <datafield tag="952" ind1=" " ind2=" ">
    <subfield code="0">0</subfield>
    <subfield code="1">0</subfield>
    <subfield code="2">lcc</subfield>
    <subfield code="4">0</subfield>
    <subfield code="7">0</subfield>
    <subfield code="a">WIUC-1</subfield>
    <subfield code="b">WIUC-1</subfield>
    <subfield code="c">GEN</subfield>
    <subfield code="d">2012-07-19</subfield>
    <subfield code="l">0</subfield>
    <subfield code="o">TS155.S32445</subfield>
    <subfield code="p">5731/12</subfield>
    <subfield code="r">2012-07-19 00:00:00</subfield>
    <subfield code="t">6</subfield>
    <subfield code="w">2012-07-19</subfield>
    <subfield code="y">BK</subfield>
  </datafield>
  <datafield tag="952" ind1=" " ind2=" ">
    <subfield code="0">0</subfield>
    <subfield code="1">0</subfield>
    <subfield code="2">lcc</subfield>
    <subfield code="4">0</subfield>
    <subfield code="7">0</subfield>
    <subfield code="a">WIUC-1</subfield>
    <subfield code="b">WIUC-1</subfield>
    <subfield code="c">GEN</subfield>
    <subfield code="d">2012-07-19</subfield>
    <subfield code="l">0</subfield>
    <subfield code="o">TS155.S32446</subfield>
    <subfield code="p">5732/12</subfield>
    <subfield code="r">2012-07-19 00:00:00</subfield>
    <subfield code="t">7</subfield>
    <subfield code="w">2012-07-19</subfield>
    <subfield code="y">BK</subfield>
  </datafield>
</record>
